Państwa według firmy - Statystyki

Ogólne statystyki
  • Ten quiz został rozwiązany 69 razy
    54 od ostatniego zresetowania
  • Średni wynik to 12 z 15
Statystyki odpowiedzi
Firma Państwo % Poprawnych
Orlen Polska
100%
Volkswagen Niemcy
98%
Google Stany Zjednoczone
98%
IKEA Szwecja
98%
Samsung Korea Południowa
95%
Škoda Czechy
93%
FIAT Włochy
93%
Mazda Japonia
91%
Nokia Finlandia
84%
Red Bull Austria
77%
Zara Hiszpania
74%
Tesco Wielka Brytania
74%
Dacia Rumunia
70%
Nestlé Szwajcaria
60%
Go Sport Francja
40%
Nie znaleziono quizów pasujących do podanych kryteriów
Rozkład punktacji
Procent ludzi z każdym wynikiem
Percentyl według liczby udzielonych odpowiedzi
Twoja historia wyników
Nie rozwiązałeś tego quizu od ostatniego zresetowania